Verseny és szabályozás 2016
Gespeichert in:
| Weitere Verfasser: | , , |
|---|---|
| Format: | Buch |
| Sprache: | Ungarisch |
| Veröffentlicht: |
Budapest
MTA KRTK Közgazdaság-tudományi Intézet
2016
|
| Schlagworte: | |
| Tags: |
Keine Tags, Fügen Sie das erste Tag hinzu!
|
MARC
| LEADER | 00000nam$a2200000$$$4500 | ||
|---|---|---|---|
| 001 | 0227937 | ||
| 005 | 20221107101316.4 | ||
| 022 | |a 1789-9702 | ||
| 041 | 0 | |a hun | |
| 044 | |a HU | ||
| 245 | 1 | 0 | |a Verseny és szabályozás 2016 |c szerkesztette: Valentiny Pál, Kiss Ferenc László, Nagy Csongor István |
| 264 | 1 | |a Budapest |b MTA KRTK Közgazdaság-tudományi Intézet |c 2016 | |
| 300 | |a 285 s. | ||
| 610 | 2 | 0 | |a súťaž hospodárska |
| 610 | 2 | 0 | |a sektory hospodárske |
| 610 | 2 | 0 | |a regulácia trhu |
| 610 | 2 | 0 | |a služby |
| 610 | 2 | 0 | |a siete počítačové |
| 700 | 1 | |a Valentiny, Pál | |
| 700 | 1 | |a Kiss, Ferenc László | |
| 700 | 1 | |a Nagy, Csongor István | |